| 000 | 00725nam a2200229 a 4500 | ||
|---|---|---|---|
| 999 |
_c2345 _d2345 |
||
| 001 | 2345 | ||
| 003 | BD-JhCC | ||
| 005 | 20171101124545.0 | ||
| 008 | 171101s2004 bg |||| |||| 000 0 ben d | ||
| 020 | _a9843210920 | ||
| 035 | _a(BD-JhCC)2345 | ||
| 040 |
_aBD-JhCC _dBD-JhCC |
||
| 041 | _aben | ||
| 082 |
_a891.4415 _bMIL 2004 |
||
| 100 | _aমিল্টন, আবুল হাসনাত | ||
| 245 |
_aরৌদ্রজলে আকাশ / _c আবুল হাসনাত মিল্টন |
||
| 260 |
_aঢাকা : _bপ্রগতি পাবলিশার্স, _c২০০৪. |
||
| 300 |
_a৪৮ পৃ. : _c২১ সেমি. |
||
| 650 | _aBengali Poetry | ||
| 942 |
_2ddc _cBK |
||